Most Games with Aubameyang - Statistics

General Stats
  • This quiz has been taken 101 times
  • The average score is 5 of 10
Answer Stats
Hint Answer % Correct
CAM, Borussia Dortmund Marco Reus
89%
CB, Bayern Munich Mats Hummels
79%
CB, Arsenal Sokratis Papastathopoulos
60%
GK, Borussia Dortmund Roman Burki
57%
LB, Borussia Dortmund Marcel Schmelzer
51%
CAM, Arsenal Henrikh Mkhitaryan
45%
RB, Borussia Dortmund Lukasz Piszczek
43%
GK, St. Etienne Stephane Ruffier
40%
CAM, Borussia Dortmund Shinji Kagawa
28%
CDM, Borussia Dortmund Julian Weigl
21%
No matching quizzes found
Score Distribution
Percent of People with Each Score
Percentile by Number Answered
Your Score History
You have not taken this quiz